000 03367cam a2200709 a 4500
999 _c58001
001 12142004
003 LIBRIS
005 20210607131258.0
008 110414s2011 sw a||||||||||000 0cswe|c
020 _a9789174242218
_qinb.
040 _aLGEN
_dL
_dS
_ea
041 _aswe
082 0 4 _a792.70922485
_222/swe
084 _aIköa
_2kssb/8 (machine generated)
100 1 _aSchöier, Staffan,
_d1956-
_0https://libris.kb.se/wt79d35f0w931kb#it
245 1 0 _aHasse & Tage :
_bSvenska ord & Co : saga & sanning /
_cStaffan Schöier & Stefan Wermelin ; faktagranskning: Thomas Winberg.
250 _a[Ny utg.]
264 1 _aStockholm :
_bBonnier fakta :
_bSveriges radio (SR,
_c2011
264 3 _aItalien
300 _a295 s.
_bill. (huvudsakligen i färg)
_c27 cm
340 _b27 cm
500 _5Li
_aPliktex.
600 1 4 _aAlfredson, Hans,
_d1931-2017.
600 1 4 _aDanielsson, Tage,
_d1928-1985
_0https://libris.kb.se/wt79966f5pt45l9#it
610 2 4 _aAB Svenska ord
_0https://libris.kb.se/tr574b4c3p2l96h#it
650 7 _aUnderhållare
_0https://id.kb.se/term/sao/Underh%C3%A5llare
_2sao
650 0 _aEntertainers
700 1 _aWermelin, Stefan,
_d1946-
_0https://libris.kb.se/tr57b13c4m41g40#it
710 2 _aSveriges radio
_4pbl
740 0 _aHasse och Tage
887 _a{"@id":"4ngh35kg3bdz0qk","modified":"2017-09-13T17:03:48+02:00","checksum":"166630574549"}
_2librisxl
887 _a{"@id":"59hq7z4b557tv9c","modified":"2011-05-10T08:49:25+02:00","checksum":"87359007882"}
_2librisxl
887 _a{"@id":"lqx740cr4kb2rz2","modified":"2011-08-24T12:28:38+02:00","checksum":"105508487736"}
_2librisxl
887 _a{"@id":"59hvhbcb2k05gg2","modified":"2012-02-02T09:37:28+01:00","checksum":"110081447055"}
_2librisxl
887 _a{"@id":"jnvlqtjp4vnrhln","modified":"2014-10-24T18:55:12+02:00","checksum":"84756595439"}
_2librisxl
887 _a{"@id":"pt2d06lv1w70xzr","modified":"2017-10-13T15:09:22+02:00","checksum":"109678447686"}
_2librisxl
887 _a{"@id":"mrz719cs1llls9w","modified":"2011-05-24T09:19:09+02:00","checksum":"98454933635"}
_2librisxl
887 _a{"@id":"hmt3qvfn2c7zsd1","modified":"2011-05-16T11:41:28+02:00","checksum":"91563975854"}
_2librisxl
887 _a{"@id":"pt19mkxv2gv3zp3","modified":"2011-06-21T15:08:16+02:00","checksum":"112060766850"}
_2librisxl
887 _a{"@id":"x8h7x5jhv1l7lbm4","modified":"2020-05-06T12:16:21.601+02:00","checksum":"84735303763"}
_2librisxl
910 2 s _aSvenska ord
910 2 s _aSvenska ord AB
942 _2z
_cBOOK